Vranov

Zobrazenie: Pohľad na ulicu ktorá je po pravej strane lemovaná budovami popred budovy rastú stromčeky a okolo cesty sú osadené stĺpiky, po chodníku kráčajú ľudia o budovu je v popredí opretý bicykel a pri ceste je značka "Zákaz státia"

Bibliographic Details
Other Authors: Hajduch, Ján, 1906-1972 (Photographer)
Format: Photo
Language:Slovak
PhysicalDescription:1 pohľadnica čiernobiela 11 x 15 cm
Published: [Bratislava] VPL 1965
Subjects:

MARC

LEADER 00000nkm a2200000 a 4500
001 vtls011986525
003 SK-MaSNL
005 20260331212216.0
007 kf bo
008 231121s1965 xo g 0k|slo
015 |a SNBG1965 
035 |a urn:nbn:sk:snk-km00fdl9 
035 |a urn:nbn:sk:snk-km45u2z 
035 |a C636334D-3BB0-4D9E-A9D7-A030480324EB 
040 |a SNK  |b slo  |c SNK  |e AACR2 
041 0 |a slo 
043 |a e-xo--- 
044 |a xo  |c SK 
072 7 |a 913  |x Regionálna geografia  |2 konspekt 
080 |a 913(437.6)  |2 2011 
080 |a (084.121)  |2 2011 
080 |a 711.73  |2 2011 
080 |a 721  |2 2011 
100 1 |a Hajduch, Ján,  |d 1906-1972  |4 pht  |9 98286 
245 1 0 |a Vranov  |h grafika  |c foto Ján Hajduch 
260 |a [Bratislava]  |b VPL  |c 1965 
300 |a 1 pohľadnica  |b čiernobiela  |c 11 x 15 cm 
520 8 |a Zobrazenie: Pohľad na ulicu ktorá je po pravej strane lemovaná budovami popred budovy rastú stromčeky a okolo cesty sú osadené stĺpiky, po chodníku kráčajú ľudia o budovu je v popredí opretý bicykel a pri ceste je značka "Zákaz státia" 
650 0 7 |a ulice  |2 SNKPH  |9 2938 
650 0 7 |a budovy  |2 SNKPH  |9 1283 
651 7 |a Vranov nad Topľou (Slovensko)  |2 SNKPHgeo  |9 17494 
655 7 |a miestne pohľadnice  |2 SNKPH  |9 70510 
852 |a Slovenská národná knižnica 
958 |a GBN 
958 |a OND 
958 |a GC 
958 |a EUIPO 
999 |c 609049  |d 610979 
952 |a SNK  |b SNK  |y PREZ  |7 0  |p 17A1247057  |o snkSP 46186  |0 0  |1 0  |4 0  |d 2020-08-11  |f 1  |l 0  |r 2026-02-23 16:18:18  |w 2026-02-23